| 000 | 00716nam a22001817a 4500 | ||
|---|---|---|---|
| 003 | BD-DhUL | ||
| 005 | 20161018105009.0 | ||
| 008 | 161018s1333 b ||||| |||| 00| 0 eng d | ||
| 040 |
_cBD-DhUL _dBD-DhUL |
||
| 082 |
_a572 _bNAS |
||
| 100 | _aমজুমদার, নলিনীকান্ত | ||
| 245 | 1 | 0 |
_aসচিত্র দার্জিলিং-এর পার্বত্যজাতি / _cনলিনীকান্ত মজুমদার |
| 260 |
_aকলিকাতা : _bনলিনীকান্ত মজুমদার, _c১৩৩৩। |
||
| 300 |
_a৮৫ পৃ. ; _c১৮ সে.মি. |
||
| 650 | 0 | _aনৃতত্ত্ব | |
| 650 | 0 | _aAnthropology | |
| 942 |
_2ddc _cBK |
||
| 999 |
_c110639 _d110639 |
||